Handbook of modern sociology

I tiakina i:
Ngā taipitopito rārangi puna kōrero
Kaituhi matua: Faris, Robert E. L (Author)
Hōputu: Pukapuka
Reo:Ingarihi
I whakaputaina: Chicago Rand McNally 1964
Rangatū:Rand McNally Sociology
Ngā marau:
Ngā Tūtohu: Tāpirihia he Tūtohu
Kāore He Tūtohu, Me noho koe te mea tuatahi ki te tūtohu i tēnei pūkete!

MARC

LEADER 00000nam a2200000 a 4500
001 UCR0377
003 CL-VaPUC
008 971205e19640000US |||||||||||||||||eng|d
082 0 4 |a 301  |b FAR  |2 21 
100 0 |a Faris, Robert E. L  |e author  |9 395954 
245 1 0 |a Handbook of modern sociology 
300 |a 1088 p 
942 |c BK 
945 |d 19971205 00:00:00  |a jquezada 
260 |a Chicago  |b Rand McNally  |c 1964 
650 0 |a Sociología   |9 255410 
650 0 |a Organización social  |9 357570 
650 0 |a Sociedad  |9 307903 
650 7 |a COMUNICACIONES  |2 CL-VaPUC  |9 260778 
650 0 |a Sociología de la educación   |9 260380 
650 7 |a SOCIOLOGIA DE LAS CIENCIAS  |2 CL-VaPUC  |9 339405 
650 0 |a Modelos matemáticos   |9 259437 
583 |a last modification  |c 19971205 00:00:00  |k Rodrigo Vera 
490 0 |a Rand McNally Sociology  
999 |c 263903  |d 263901 
952 |0 0  |1 0  |4 0  |6 301_000000000000000_FAR_1964  |7 0  |8 P  |9 293411  |a BIBGIM  |b BIBGIM  |d 2019-11-19  |i 3374092  |o 301 FAR 1964  |p 3374092  |r 2025-01-15  |w 2019-11-19  |y BK  |k GIM